| 000 | 01005cam a22003133a 4500 | ||
|---|---|---|---|
| 001 | 29681 | ||
| 003 | PGUSA | ||
| 005 | 20140828083636.0 | ||
| 008 | 090812s2009||||xxu|||||s|||||000 | eng d | ||
| 040 |
_aPGUSA _beng |
||
| 042 | _adc | ||
| 050 | 4 | _aF721 | |
| 100 | 1 |
_aMills, Joe, _d1880-1935 |
|
| 245 | 1 | 2 |
_aA Mountain Boyhood _h[electronic resource] / _cJoe Mills |
| 260 |
_bProject Gutenberg, _c2009 |
||
| 506 | _aPublic domain in the USA. | ||
| 516 | _aElectronic text | ||
| 653 | _aLongs Peak (Colo.) | ||
| 653 | _aRocky Mountain National Park (Colo.) -- History | ||
| 653 | _aNatural history -- Colorado | ||
| 653 | _aColorado -- Biography | ||
| 653 | _aEstes Park Region (Colo.) -- Social life and customs | ||
| 653 | _aPioneers -- Colorado -- Biography | ||
| 653 | _aMills, Joe, 1880-1935 -- Childhood and youth | ||
| 700 | 1 |
_aComstock, Enos B. _q(Enos Benjamin), _d1879-1945 |
|
| 830 | 0 |
_aProject Gutenberg _v29681 |
|
| 856 | 4 | 0 | _uhttp://www.gutenberg.org/ebooks/29681 |
| 942 | _cEB | ||
| 999 |
_c258936 _d258936 |
||